000 00273nam a2200097Ia 4500
001 1111671
005 20250827003915.0
008 250824s9999 xx 000 0 und d
245 0 _aAŞKIN GÖZYAŞLARI TEBRİZLİ ŞEMS
_cSİNAN YAĞMUR
260 _bKARATAY AKADEMİ YAYINLARI
999 _c1111671
_d1111671